-A Baby Girl Names (1941) Quiz Stats

 Plays Quiz not verified by Sporcle

Score 0/297 Timer 20:00
0 Plays Today
First Letter Name % Correct
PPatricia
97.3%
AAnna
97.3%
MMaria
96.8%
LLinda
96.5%
LLaura
96%
NNora
95%
JJulia
94.8%
EElla
94.8%
VVictoria
94.6%
DDiana
94.3%
BBarbara
94.1%
SSara
94.1%
RRosa
92.8%
DDonna
92.1%
WWanda
91.1%
OOlivia
90.6%
SSandra
90.1%
EEmma
90.1%
NNina
90.1%
RRita
89.6%
LLisa
89.1%
CCora
88.9%
EEva
88.6%
BBrenda
88.4%
VVera
88.4%
PPaula
87.9%
GGloria
87.6%
CClara
86.6%
LLena
86.6%
TTheresa
86.4%
C/KCarla
86.1%
RRebecca
85.4%
A/EAmelia
85.4%
VVirginia
85.1%
JJoanna
85.1%
DDora
84.4%
VVeronica
83.9%
AAva
83.9%
MMartha
83.4%
MMelissa
82.7%
TTina
82.2%
AAngela
81.9%
AAmanda
81.7%
IIsabella
81.7%
CChristina
81.2%
AAlicia
80.9%
GGeorgia
80.2%
DDana
80%
LLola
79.7%
AAda
79.7%
SStella
79.2%
LLydia
79.2%
IIda
78.7%
LLana
78.7%
PPamela
78.5%
LLea
78%
AAndrea
77.7%
RRonda
77.5%
JJessica
77%
LLouisa
76.5%
RRoberta
75.7%
LLila
75.2%
WWilma
75%
LLucia
74.5%
EElena
74.3%
CCynthia
74%
AAlma
74%
WWilla
73.8%
SSusanna
73.8%
SSylvia
73.5%
AAnita
73.5%
CCarolina
73.5%
MMarla
73.3%
DDebra
72.8%
BBertha
72.3%
JJana
72.3%
DDeanna
72%
HHelena
71.8%
MMarcia
71.5%
SSophia
71.3%
VViola
71%
BBelinda
70.5%
NNorma
70.3%
SSheila
70.3%
EElsa
70.3%
EEdna
69.6%
FFlora
69.3%
AAngelina
68.6%
VVelma
68.1%
EEliza
68.1%
TTanya
68.1%
VValeria
67.6%
AAlexandra
67.3%
GGlenda
66.8%
MMelinda
66.3%
MMonica
66.3%
RRegina
66.1%
LLoretta
65.8%
I/EIrma
65.8%
First Letter Name % Correct
MMarina
65.8%
JJuanita
65.1%
JJuliana
64.1%
YYolanda
62.9%
CClaudia
62.6%
PPriscilla
62.4%
OOlga
62.4%
CCecilia
62.1%
TThelma
61.6%
MMyra
61.6%
LLula
61.4%
SSonja
61.4%
DDelia
60.4%
GGreta
60.4%
RRhoda
60.1%
TTamara
58.9%
MMona
58.7%
EElisa
58.7%
DDarla
57.9%
CCelia
56.9%
MMargarita
56.9%
DDella
56.2%
DDorothea
55.7%
EEstella
55.2%
LLucinda
55%
LLorena
55%
MMartina
54.5%
ZZelda
54.2%
CCamilla
54%
MMarianna
53.2%
MMarta
53.2%
MMina
52.7%
MMatilda
52.5%
GGeorgina
52.5%
LLeanna
52.2%
HHilda
51.5%
RRamona
51.5%
EEtta
51.5%
CClarissa
51.2%
HHenrietta
51%
LLorna
50.5%
VVerna
49.5%
IIva
48.3%
FFelicia
48.3%
RRena
48%
AAlberta
47.5%
UUrsula
47.5%
LLela
47.3%
LLeona
46.8%
IIna
46.8%
OOphelia
45.8%
OOra
44.6%
FFreda
44.1%
NNola
43.6%
AAntonia
42.8%
JJuana
42.3%
BBonita
42.1%
AAgatha
42.1%
AAdela
41.6%
SSelma
41.1%
MMyrna
40.8%
RReba
40.8%
OOla
40.6%
EElma
40.6%
OOna
39.9%
AAurora
39.6%
TTrina
39.6%
EEdwina
38.1%
MMagdalena
37.9%
DDena
37.6%
WWilhelmina
36.1%
JJosefina
35.9%
VVida
35.4%
CCarmela
34.9%
GGeneva
34.2%
EElvira
34.2%
EEugenia
33.9%
LLona
32.9%
RRona
32.7%
MMarcella
31.9%
GGlenna
31.9%
IIla
31.9%
NNella
31.4%
AAugusta
31.2%
EElva
30.9%
NNona
30.7%
RRowena
30.2%
UUna
29.7%
EEula
29.2%
CCornelia
29%
TTheodora
29%
CCordelia
28.7%
AAlfreda
28.5%
LLuella
28.2%
GGeorgianna
28%
NNita
27.7%
WWinona
27%
AAlva
26.7%
AAdelina
26.5%
First Letter Name % Correct
LLenora
26.2%
IIma
26.2%
RRosita
26.2%
AAlta
26%
EEvangelina
26%
OOdessa
25.7%
OOma
25.7%
MMelba
25.5%
RRosetta
25.5%
BBerta
24.5%
MMinerva
23.8%
RReva
23.3%
VVonda
23.3%
PPetra
22.8%
RRhea
22.5%
AAurelia
22.3%
LLolita
22%
ZZelma
21.5%
LLetitia
21.3%
AAlthea
21%
GGayla
21%
EErna
21%
NNelda
20.8%
AAnnetta
20.8%
PPortia
20.3%
LLeola
19.8%
MMarietta
19.8%
LLucretia
19.8%
FFrancisca
19.8%
ZZola
19.8%
NNeva
19.6%
LLeta
19.6%
MMelva
19.3%
IIona
19.1%
VVelda
18.8%
MMarva
18.6%
NNila
17.8%
RRoma
17.6%
EElda
17.1%
AAlvina
17.1%
TTwila
16.8%
LLeonora
16.6%
RRosella
16.3%
AArla
16.1%
CCarmelita
15.6%
JJeanetta
15.3%
BBelva
15.1%
MMarita
15.1%
EEsperanza
14.9%
WWilda
14.6%
LLadonna
14.4%
DDelma
14.4%
LLeota
14.1%
IIola
14.1%
EElnora
13.9%
ZZella
13.9%
LLetha
13.6%
VVerla
13.6%
EErnestina
13.6%
MMadonna
13.4%
AAngelita
13.4%
MManuela
13.1%
EEloisa
13.1%
NNedra
12.9%
LLeora
12.9%
VVesta
12.4%
BBernita
12.1%
VVada
11.9%
ZZona
11.9%
TTreva
11.6%
CConcetta
11.6%
PPhilomena
11.6%
LLelia
11.4%
LLawanda
11.4%
LLura
11.4%
IIlona
10.9%
VVerda
10.6%
TTheda
10.6%
RRetha
10.4%
OOralia
10.4%
EElna
9.9%
EElida
9.4%
SShelba
8.7%
MMelvina
8.4%
CCleta
8.2%
NNovella
7.9%
DDelphia
7.9%
CCarma
7.4%
JJoetta
7.4%
VVenita
7.4%
OOuida
7.2%
LLavada
7.2%
EErlinda
6.7%
DDominga
6.7%
IIdella
6.2%
AArmida
6.2%
HHortencia
5.4%
OOleta
5%
LLouvenia
4.2%

You're not logged in!

Compare scores with friends on all Sporcle quizzes.
OR
Log In

Show Comments

Extras

Top Quizzes Today


Score Distribution

Your Account Isn't Verified!

In order to create a playlist on Sporcle, you need to verify the email address you used during registration. Go to your Sporcle Settings to finish the process.

Report this User

Report this user for behavior that violates our Community Guidelines.

Details: